[Event "BL 1415 SC Eppingen - SF Katernberg"]
[Site "?"]
[Date "2015.02.21"]
[Round "10.2"]
[White "Bogner, Sebastian"]
[Black "Firman, Nazar"]
[Result "1/2-1/2"]
[WhiteElo "2559"]
[BlackElo "2462"]
[PlyCount "84"]
[EventDate "2015.??.??"]

1. d4 g6 2. e4 d6 3. Nf3 Nf6 4. Bd3 Bg7 5. O-O O-O 6. Re1 Nc6 7. d5 Nb4 8. Bf1
a5 9. a3 Na6 10. Nc3 Nc5 11. h3 e5 12. dxe6 Bxe6 13. Nd4 Bd7 14. g3 Re8 15. Bg2
c6 16. Bf4 Qb6 17. Nb3 Nxb3 18. cxb3 Be6 19. Bxd6 Bxb3 20. Na4 Qb5 21. Nc3 Qb6
22. Na4 Qb5 23. Nc3 Qc4 24. Qe2 Qxe2 25. Rxe2 Re6 26. Bc7 Ne8 27. Bf4 Rd8 28.
Rae1 a4 29. h4 h6 30. e5 Nc7 31. Ne4 Nd5 32. Nc5 Nxf4 33. gxf4 Re7 34. Nxb3
axb3 35. Re3 Rd4 36. Be4 h5 37. Kg2 f5 38. exf6 Bxf6 39. Bxg6 Rxe3 40. Rxe3
Rxf4 41. Rxb3 Rg4+ 42. Rg3 Bxb2 1/2-1/2

[Event "BL 1415 SC Eppingen - SF Katernberg"]
[Site "?"]
[Date "2015.02.21"]
[Round "10.3"]
[White "Zaragatski, Ilja"]
[Black "Balogh, Csaba"]
[Result "0-1"]
[WhiteElo "2469"]
[BlackElo "2659"]
[PlyCount "120"]
[EventDate "2015.??.??"]

1. Nf3 d5 2. g3 c6 3. Bg2 Bf5 4. c4 e6 5. O-O Nf6 6. cxd5 exd5 7. d3 Be7 8. Qb3
Qb6 9. Qc2 Na6 10. a3 O-O 11. Nc3 h6 12. b4 Qc7 13. Bf4 Bd6 14. Bxd6 Qxd6 15.
b5 Nc5 16. bxc6 bxc6 17. Nd4 Bd7 18. Rfc1 Rfc8 19. e3 Rab8 20. Nce2 Na6 21. Nf3
c5 22. Qc3 Rb6 23. Nf4 Rcb8 24. Qe5 Bb5 25. d4 c4 26. a4 Bd7 27. a5 Rc6 28.
Rab1 g5 29. Qxd6 Rxd6 30. Ne2 Nb4 31. Nc3 Bf5 32. Rb2 Ne4 33. h4 Nxc3 34. Rxc3
f6 35. hxg5 hxg5 36. Nd2 Bd3 37. e4 dxe4 38. Nxe4 Rxd4 39. Nc5 Kf7 40. Rc1 Na6
41. Nxd3 cxd3 42. Rxb8 Nxb8 43. Kf1 Nd7 44. Rc4 Rxc4 45. Bd5+ Ke7 46. Bxc4 Ne5
47. Ba6 Kd6 48. f4 gxf4 49. gxf4 Ng6 50. Bxd3 Nxf4 51. Bf5 Kc5 52. Bc8 Kb5 53.
a6 Nd5 54. Ke2 Nb4 55. Ke3 Nxa6 56. Ke4 Nc5+ 57. Kf5 a5 58. Kxf6 a4 59. Bf5 a3
60. Bb1 Ne4+ 0-1

[Event "BL 1415 SC Eppingen - SF Katernberg"]
[Site "?"]
[Date "2015.02.21"]
[Round "10.4"]
[White "Braun, Arik"]
[Black "Ris, Robert"]
[Result "1/2-1/2"]
[WhiteElo "2557"]
[BlackElo "2445"]
[PlyCount "85"]
[EventDate "2015.??.??"]

1. Nf3 Nf6 2. g3 g6 3. Bg2 Bg7 4. c4 O-O 5. O-O b6 6. Ne5 d5 7. d4 Bb7 8. Nc3
e6 9. Qb3 Nc6 10. Rd1 Ne7 11. Bg5 h6 12. Bf4 Qc8 13. Rac1 g5 14. Bd2 dxc4 15.
Qxc4 Bxg2 16. Kxg2 Qb7+ 17. f3 Rac8 18. b4 Rfd8 19. Be3 Nfd5 20. Nxd5 Nxd5 21.
Bf2 c5 22. b5 Ne7 23. Nc6 Nxc6 24. bxc6 Qxc6 25. dxc5 bxc5 26. h4 Rd5 27. hxg5
hxg5 28. Rxd5 Qxd5 29. Qxd5 exd5 30. Rxc5 Rxc5 31. Bxc5 a6 32. g4 Be5 33. Kf2
Kg7 34. Ke3 Kf6 35. Kd3 Ke6 36. Be3 Bf6 37. Bd2 Bd8 38. e3 Bb6 39. f4 Bd8 40.
Bb4 f5 41. gxf5+ Kxf5 42. fxg5 Bxg5 43. Kd4 1/2-1/2

[Event "BL 1415 SC Eppingen - SF Katernberg"]
[Site "?"]
[Date "2015.02.21"]
[Round "10.5"]
[White "Scholz, Christian Dr"]
[Black "Ruck, Robert"]
[Result "1-0"]
[WhiteElo "2360"]
[BlackElo "2584"]
[PlyCount "91"]
[EventDate "2015.??.??"]

1. d4 Nf6 2. c4 g6 3. Nc3 d5 4. Bf4 Bg7 5. e3 c5 6. dxc5 Qa5 7. Rc1 Ne4 8. cxd5
Nxc3 9. Qd2 Qxa2 10. bxc3 Qa5 11. Nf3 Nd7 12. Bc4 Nxc5 13. Be5 Bxe5 14. Nxe5 f6
15. Nf3 b5 16. Ba2 Bf5 17. O-O Rc8 18. Nd4 Ne4 19. Qb2 Nxc3 20. Nxf5 gxf5 21.
d6 Rc5 22. Be6 exd6 23. Bxf5 O-O 24. e4 Qc7 25. Rce1 Kh8 26. Re3 a5 27. Rh3 Rf7
28. Re1 b4 29. g4 Qe7 30. Qd2 Rg7 31. Kf1 Rc6 32. f4 Rc5 33. Rd3 Rc6 34. Rh3
Qa7 35. e5 fxe5 36. fxe5 d5 37. e6 Rcc7 38. Qf4 Qa6+ 39. Bd3 Qc8 40. e7 Ne4 41.
Rxe4 dxe4 42. Qf8+ Rg8 43. Rxh7+ Kxh7 44. Bxe4+ Rg6 45. Bxg6+ Kxg6 46. e8=Q+
1-0

[Event "BL 1415 SC Eppingen - SF Katernberg"]
[Site "?"]
[Date "2015.02.21"]
[Round "10.6"]
[White "Mons, Leon"]
[Black "Hoolt, Sarah"]
[Result "1-0"]
[WhiteElo "2445"]
[BlackElo "2269"]
[PlyCount "45"]
[EventDate "2015.??.??"]

1. e4 c5 2. Nf3 e6 3. d4 cxd4 4. Nxd4 Nc6 5. Nc3 Qc7 6. Be3 a6 7. Qf3 Ne5 8.
Qg3 h5 9. h4 b5 10. Bf4 d6 11. O-O-O b4 12. Ncb5 axb5 13. Bxe5 dxe5 14. Bxb5+
Bd7 15. Nxe6 fxe6 16. Rxd7 Qxd7 17. Qxe5 Nf6 18. Rd1 Qxb5 19. Qxb5+ Kf7 20. e5
Ng4 21. Rd7+ Kg8 22. Qc6 Re8 23. Rc7 1-0

[Event "BL 1415 SC Eppingen - SF Katernberg"]
[Site "?"]
[Date "2015.02.21"]
[Round "10.7"]
[White "Rosen, Bernd"]
[Black "Medvegy, Zoltan"]
[Result "0-1"]
[WhiteElo "2334"]
[BlackElo "2525"]
[PlyCount "150"]
[EventDate "2015.??.??"]

1. c4 e6 2. g3 Nf6 3. Bg2 d5 4. Nf3 d4 5. e3 c5 6. exd4 cxd4 7. O-O Nc6 8. d3
Bd6 9. b3 O-O 10. Ba3 Rb8 11. Bxd6 Qxd6 12. Nbd2 h6 13. a3 a5 14. Re1 Re8 15.
Qe2 e5 16. Ne4 Nxe4 17. Qxe4 Bd7 18. Nh4 Qf8 19. g4 g6 20. Qf3 Qd6 21. Qg3 b5
22. Nf3 bxc4 23. bxc4 Rb2 24. Rad1 Kg7 25. g5 hxg5 26. Nxg5 f6 27. Ne4 Qxa3 28.
c5 Rf8 29. Rc1 Rb3 30. Red1 Ne7 31. Nd6 Rc3 32. Ra1 Qxc5 33. Ne4 Qc7 34. Nxc3
dxc3 35. Be4 f5 36. Bg2 f4 37. Qg5 Nf5 38. Be4 Rf6 39. Bxf5 Bxf5 40. Rac1 Rd6
41. Rxc3 Qd8 42. Qxd8 Rxd8 43. Rc5 e4 44. d4 Bg4 45. Rd2 e3 46. fxe3 fxe3 47.
Rd3 e2 48. Re5 a4 49. h3 Bh5 50. d5 Rf8 51. Re7+ Kh6 52. Kg2 Rf1 53. Rde3 Rd1
54. Rxe2 Bxe2 55. Rxe2 Rxd5 56. Ra2 Ra5 57. Ra3 Kg5 58. Kg3 Kf5 59. Kf3 Ra8 60.
Ke3 Ke5 61. Kd3 Kf4 62. Kd4 Re8 63. Ra1 Re3 64. h4 a3 65. Ra2 Rh3 66. Rg2 Kf5
67. Rg5+ Kf6 68. Ra5 Rxh4+ 69. Ke3 Rh2 70. Kf3 a2 71. Kg3 Rb2 72. Kf3 Ke6 73.
Ke4 Kd6 74. Kd4 Kc6 75. Kc4 g5 0-1

[Event "BL 1415 SC Eppingen - SF Katernberg"]
[Site "?"]
[Date "2015.02.21"]
[Round "10.8"]
[White "Noe, Christopher"]
[Black "Heinz, Timothee"]
[Result "1/2-1/2"]
[WhiteElo "2375"]
[BlackElo "2359"]
[PlyCount "144"]
[EventDate "2015.??.??"]

1. d4 d5 2. c4 e6 3. Nf3 Nf6 4. Nc3 c5 5. cxd5 Nxd5 6. e4 Nxc3 7. bxc3 cxd4 8.
cxd4 Bb4+ 9. Bd2 Bxd2+ 10. Qxd2 O-O 11. Bc4 Nc6 12. O-O b6 13. Rac1 Bb7 14.
Rfd1 Na5 15. Bd3 Qd6 16. Bb1 Rfc8 17. h4 Nc4 18. Qe2 b5 19. Ng5 h6 20. e5 Qd8
21. Ne4 Na3 22. Rxc8 Qxc8 23. Nd6 Qc7 24. Nxb7 Nxb1 25. Rxb1 Qxb7 26. Qxb5 Qxb5
27. Rxb5 Rc8 28. g3 Rc4 29. Rb8+ Kh7 30. Rb7 Kg8 31. Rxa7 Rxd4 32. Ra8+ Kh7 33.
Ra3 h5 34. Re3 Rd1+ 35. Kg2 Kg6 36. a4 Ra1 37. Re4 f6 38. exf6 gxf6 39. g4 hxg4
40. Rxg4+ Kh5 41. Rc4 f5 42. Rf4 Ra3 43. Kf1 e5 44. Rxf5+ Kxh4 45. Rxe5 Rxa4
46. Ke2 Kg4 47. Kf1 Kf4 48. Rh5 Ra8 49. Rh4+ Kf3 50. Rh3+ Kf4 51. Rg3 Ra2 52.
Kg2 Rb2 53. Rg7 Ra2 54. Rf7+ Kg4 55. Rb7 Ra3 56. Rb4+ Kf5 57. f3 Ra5 58. Kg3
Kg5 59. Rg4+ Kf5 60. Rh4 Kg5 61. Rh8 Ra4 62. Rc8 Kf5 63. Rc5+ Kf6 64. Rb5 Rc4
65. f4 Rc1 66. Rb6+ Kf5 67. Rb5+ Kf6 68. Kf2 Rc3 69. Re5 Ra3 70. Re3 Rxe3 71.
Kxe3 Kf5 72. Kd4 Kxf4 1/2-1/2

[Event "BL 1415 OSG Baden Baden - Hansa Dortmun"]
[Site "?"]
[Date "2015.02.21"]
[Round "10.3"]
[White "Tari, Aryan"]
[Black "Shirov, Alexei"]
[Result "1/2-1/2"]
[WhiteElo "2493"]
[BlackElo "2689"]
[PlyCount "85"]
[EventDate "2015.??.??"]

1. e4 e5 2. Nf3 Nc6 3. Bb5 a6 4. Ba4 Nf6 5. O-O b5 6. Bb3 Bc5 7. c3 d6 8. d4
Bb6 9. a4 Rb8 10. axb5 axb5 11. Na3 O-O 12. Nxb5 Bg4 13. d5 Ne7 14. Bc2 Nxe4
15. Bxe4 f5 16. Bd3 e4 17. Be2 exf3 18. Bxf3 Qe8 19. Na3 Qh5 20. Nc4 Bxf3 21.
Qxf3 Qxf3 22. gxf3 Nxd5 23. Rd1 Nf6 24. b4 Nd7 25. Bf4 Rfe8 26. Kf1 Nf8 27. Ra6
Nd7 28. Bxd6 cxd6 29. Rxd6 Rec8 30. Nxb6 Nxb6 31. Rdxb6 Rxb6 32. Rxb6 Rxc3 33.
Ke2 f4 34. b5 Rb3 35. Rb7 h5 36. b6 Kh7 37. Rb8 Rb2+ 38. Ke1 Kg6 39. h4 Kh7 40.
b7 g6 41. Kd1 Kg7 42. Kc1 Rb5 43. Kd2 1/2-1/2

[Event "BL 1415 OSG Baden Baden - Hansa Dortmun"]
[Site "?"]
[Date "2015.02.21"]
[Round "10.6"]
[White "Movsesian, Sergei"]
[Black "Tuncer, Ufuk"]
[Result "1-0"]
[WhiteElo "2663"]
[BlackElo "2342"]
[PlyCount "43"]
[EventDate "2015.??.??"]

1. e4 c5 2. Nf3 d6 3. d4 cxd4 4. Nxd4 Nf6 5. Nc3 a6 6. g3 e5 7. Nb3 h5 8. Bg5
Be7 9. Bg2 Nbd7 10. a4 Qc7 11. O-O b6 12. Re1 Bb7 13. Nd2 Qc5 14. Qe2 O-O 15.
Nf1 Rfe8 16. Ne3 Bf8 17. Red1 Qc7 18. Rd2 Bc6 19. Rad1 g6 20. Nc4 Nh7 21. Be3
Nc5 22. b4 1-0

[Event "BL 1415 OSG Baden Baden - Hansa Dortmun"]
[Site "?"]
[Date "2015.02.21"]
[Round "10.7"]
[White "Kotter, Ralf"]
[Black "Gustafsson, Jan"]
[Result "1/2-1/2"]
[WhiteElo "2337"]
[BlackElo "2641"]
[PlyCount "80"]
[EventDate "2015.??.??"]

1. e4 e5 2. Nf3 Nc6 3. Bc4 Nf6 4. d3 h6 5. c3 d6 6. Bb3 g6 7. Nbd2 Bg7 8. O-O
O-O 9. Re1 Nh5 10. Nf1 Kh8 11. Ng3 Nf4 12. d4 Qf6 13. Bxf4 Qxf4 14. h3 h5 15.
Qd3 Nd8 16. Rad1 Ne6 17. Ne2 Qf6 18. Qe3 a5 19. a3 Qe7 20. Nc1 Kh7 21. Nd3 Bh6
22. Qe2 f6 23. Ba4 Ng7 24. Kh2 Be6 25. Nc1 Rad8 26. c4 Bc8 27. Nb3 b6 28. Qc2
c5 29. dxc5 dxc5 30. Bc6 Ne6 31. Bd5 Bd7 32. Nc1 Kg7 33. Ne2 Nd4 34. Nexd4 cxd4
35. Rb1 a4 36. b4 axb3 37. Qxb3 Rb8 38. Qb4 Qc5 39. Re2 Rfc8 40. Ne1 Rc7
1/2-1/2

[Event "BL 1415 OSG Baden Baden - Hansa Dortmun"]
[Site "?"]
[Date "2015.02.21"]
[Round "10.8"]
[White "Dautov, Rustem"]
[Black "Karger, Frank"]
[Result "1-0"]
[WhiteElo "2604"]
[BlackElo "2248"]
[PlyCount "49"]
[EventDate "2015.??.??"]

1. d4 Nf6 2. c4 g6 3. g3 Bg7 4. Bg2 O-O 5. Nc3 d6 6. Nf3 Nc6 7. O-O Rb8 8. e4
Bg4 9. Be3 a6 10. h3 Bxf3 11. Bxf3 Nd7 12. Ne2 Na5 13. b3 c5 14. Rc1 cxd4 15.
Nxd4 Ne5 16. Bg2 Nac6 17. Ne2 Nd7 18. f4 Qc7 19. Nc3 Rfc8 20. Rf2 Qa5 21. e5
dxe5 22. Bxc6 Rxc6 23. Qxd7 exf4 24. Bxf4 Rd8 25. Qxb7 1-0

[Event "BL 1415 Werder Bremen - Schwäbisch Hal"]
[Site "?"]
[Date "2015.02.22"]
[Round "11.2"]
[White "McShane, Luke J"]
[Black "Laznicka, Viktor"]
[Result "1-0"]
[WhiteElo "2672"]
[BlackElo "2670"]
[PlyCount "73"]
[EventDate "2015.??.??"]

1. e4 c5 2. Nf3 e6 3. Be2 Nc6 4. O-O Nf6 5. Nc3 d5 6. exd5 Nxd5 7. b3 Be7 8.
Bb2 O-O 9. Re1 Bf6 10. Qc1 Nxc3 11. dxc3 b6 12. Qe3 Bb7 13. Rad1 Qc7 14. Bd3
Rad8 15. Bc1 Ne7 16. Ng5 Ng6 17. Qh3 Bxg5 18. Bxg5 Rd5 19. Be3 Rfd8 20. c4 R5d7
21. Qh5 Nf8 22. a3 a5 23. b4 axb4 24. axb4 e5 25. bxc5 bxc5 26. Rb1 e4 27. Be2
Ne6 28. Bg4 Qc6 29. Bf5 g6 30. Qg4 h5 31. Qg3 Ba6 32. Bg5 Rc8 33. Bf6 Bxc4 34.
Rxe4 Qd5 35. Bxe6 Qxe4 36. Bxd7 Qxc2 37. Ra1 1-0

[Event "BL 1415 Werder Bremen - Schwäbisch Hal"]
[Site "?"]
[Date "2015.02.22"]
[Round "11.3"]
[White "Inarkiev, Ernesto"]
[Black "Edouard, Romain"]
[Result "1-0"]
[WhiteElo "2675"]
[BlackElo "2627"]
[PlyCount "59"]
[EventDate "2015.??.??"]

1. e4 c5 2. Nf3 d6 3. d4 cxd4 4. Nxd4 Nf6 5. Nc3 g6 6. Be3 Bg7 7. Qd2 Nc6 8. f3
O-O 9. g4 Be6 10. O-O-O Nxd4 11. Bxd4 Qa5 12. a3 Rfc8 13. h4 Rab8 14. Ne2 Qxd2+
15. Rxd2 a6 16. Nf4 Nd7 17. Bxg7 Kxg7 18. g5 Ne5 19. Nxe6+ fxe6 20. f4 Nd7 21.
h5 Nc5 22. Rdh2 Rh8 23. b4 Nxe4 24. hxg6 Kxg6 25. Rh6+ Kf5 26. R1h4 Nf2 27. Kd2
Rbc8 28. c4 e5 29. Ke1 exf4 30. Kxf2 1-0

[Event "BL 1415 Werder Bremen - Schwäbisch Hal"]
[Site "?"]
[Date "2015.02.22"]
[Round "11.4"]
[White "Efimenko, Zahar"]
[Black "Gharamian, Tigran"]
[Result "1/2-1/2"]
[WhiteElo "2655"]
[BlackElo "2651"]
[PlyCount "55"]
[EventDate "2015.??.??"]

1. e4 c5 2. Nf3 d6 3. d4 cxd4 4. Nxd4 Nf6 5. Nc3 a6 6. a4 Nc6 7. Be2 g6 8. Be3
Bg7 9. O-O O-O 10. Qd2 Bd7 11. Rfd1 Rc8 12. Nxc6 Bxc6 13. f3 Nd7 14. a5 Qc7 15.
Bd4 Rfd8 16. Bc4 Bf6 17. Bb3 e6 18. Bxf6 Nxf6 19. Qd4 Qe7 20. Qe3 Qc7 21. Qd4
Qe7 22. Re1 Ne8 23. Nd1 Qf6 24. c3 Qxd4+ 25. cxd4 d5 26. e5 Rb8 27. Re3 Nc7 28.
Ba4 1/2-1/2

[Event "BL 1415 Werder Bremen - Schwäbisch Hal"]
[Site "?"]
[Date "2015.02.22"]
[Round "11.5"]
[White "Cornette, Matthieu"]
[Black "Bluebaum, Matthias"]
[Result "1/2-1/2"]
[WhiteElo "2582"]
[BlackElo "2571"]
[PlyCount "114"]
[EventDate "2015.??.??"]

1. c4 c6 2. Nf3 d5 3. e3 Nf6 4. Nc3 e6 5. b3 Bd6 6. Bb2 O-O 7. Be2 Re8 8. Qc2
e5 9. cxd5 cxd5 10. Nb5 Nc6 11. Nxd6 Qxd6 12. d4 e4 13. Ne5 Bf5 14. Nxc6 Rec8
15. Bb5 Nd7 16. Qd2 a6 17. Qb4 Rxc6 18. Qxd6 Rxd6 19. Be2 Rg6 20. Rg1 Rc8 21.
Kd2 Rgc6 22. Rgc1 Nb8 23. a4 Bd7 24. Ba3 Rxc1 25. Rxc1 Rxc1 26. Kxc1 f5 27. Kb2
Kf7 28. Kc3 Nc6 29. Bc5 Ke6 30. h4 Be8 31. b4 Ne7 32. b5 axb5 33. Bxe7 Kxe7 34.
a5 Kd6 35. Kb4 g6 36. Bxb5 Bf7 37. f4 exf3 38. gxf3 Be6 39. f4 Bf7 40. Bf1 Be8
41. Be2 Bd7 42. Bb5 Be6 43. Be8 Ke7 44. Bb5 Kd6 45. Ba4 Bf7 46. a6 bxa6 47. Ka5
Ke7 48. Kxa6 Kf6 49. Kb6 h6 50. Kc5 g5 51. hxg5+ hxg5 52. fxg5+ Kxg5 53. Bb3
Kg4 54. Bxd5 Bxd5 55. Kxd5 Kf3 56. Ke5 Kxe3 57. Kxf5 Kxd4 1/2-1/2

[Event "BL 1415 Werder Bremen - Schwäbisch Hal"]
[Site "?"]
[Date "2015.02.22"]
[Round "11.6"]
[White "Smerdon, David"]
[Black "Wirig, Anthony"]
[Result "1/2-1/2"]
[WhiteElo "2512"]
[BlackElo "2484"]
[PlyCount "233"]
[EventDate "2015.??.??"]

1. e4 g6 2. d4 Bg7 3. Nc3 c6 4. f4 d5 5. e5 Nh6 6. Be2 f6 7. g4 O-O 8. Be3 c5
9. dxc5 fxe5 10. Qxd5+ Qxd5 11. Nxd5 Nxg4 12. Nxe7+ Kf7 13. Nxc8 Nxe3 14. Nd6+
Ke7 15. Kd2 exf4 16. Bf3 Nd7 17. Nxb7 Rac8 18. c6 Ne5 19. Na5 Rfd8+ 20. Ke2
Nxc2 21. Rd1 Nd4+ 22. Kf2 Ndxc6 23. Nxc6+ Rxc6 24. Rxd8 Rc2+ 25. Ne2 Kxd8 26.
Rd1+ Kc7 27. Rb1 g5 28. Be4 Ng4+ 29. Ke1 Rc4 30. Bd3 Rc6 31. h3 Ne3 32. Kf2 h6
33. b4 Rd6 34. Rc1+ Kd8 35. Be4 Ra6 36. Rc6 Rxc6 37. Bxc6 Nc2 38. Be4 Nxb4 39.
a3 Na6 40. Kf3 Nc5 41. Bc2 Bb2 42. a4 Ke7 43. Kg4 Kf6 44. Ng1 Ne6 45. h4 gxh4
46. Nf3 Bc1 47. Nxh4 Ng7 48. Nf3 h5+ 49. Kh4 Be3 50. Be4 Bf2+ 51. Kh3 Nf5 52.
Bc6 Bg3 53. a5 Nd6 54. a6 Nf5 55. Be8 Ng7 56. Bc6 Bf2 57. Kg2 Bb6 58. Kh3 Kf5
59. Bb7 Ke6 60. Nd2 Be3 61. Ne4 Kf5 62. Kh4 Kg6 63. Nd6 Bc5 64. Ne4 Bb4 65. Kh3
Nf5 66. Nf2 Nd4 67. Nd3 Bd6 68. Be4+ Kf6 69. Kh4 Nf5+ 70. Kh3 Kg5 71. Ne1 Ng3
72. Bf3 Nf1 73. Be2 Ng3 74. Bf3 Kf5 75. Nd3 Be7 76. Bc6 Ne2 77. Ne1 Nd4 78. Bb7
Bf6 79. Bc8+ Ke4 80. Bb7+ Kf5 81. Bc8+ Ke5 82. Bb7 Nb3 83. Nd3+ Kf5 84. Bf3 Kg5
85. Bb7 Bd4 86. Bd5 Nd2 87. Ne1 Kf5 88. Nf3 Be3 89. Nxd2 Bxd2 90. Kh4 Kg6 91.
Be4+ Kh6 92. Bf3 Be1+ 93. Kh3 Kg5 94. Kg2 h4 95. Bb7 Bg3 96. Bc8 Kf6 97. Kf3
Ke5 98. Bg4 Kd5 99. Bc8 Kc6 100. Kg4 Kd6 101. Bb7 Kc7 102. Kh3 Kb6 103. Kg2 Kb5
104. Bc8 Ka5 105. Bb7 Kb6 106. Bc8 Kc5 107. Bg4 Kc4 108. Bc8 Kd5 109. Kf3 Kd6
110. Kg2 Kc6 111. Bb7+ Kc5 112. Bc8 Kc4 113. Kf3 Kd3 114. Bf5+ Kd2 115. Bh3 Ke1
116. Bg2 Bh2 117. Ke4 1/2-1/2

[Event "BL 1415 Werder Bremen - Schwäbisch Hal"]
[Site "?"]
[Date "2015.02.22"]
[Round "11.7"]
[White "Zeller, Frank"]
[Black "Markgraf, Alexander"]
[Result "1/2-1/2"]
[WhiteElo "2419"]
[BlackElo "2495"]
[PlyCount "75"]
[EventDate "2015.??.??"]

1. d4 f5 2. c4 Nf6 3. Nc3 d6 4. h4 e6 5. h5 Be7 6. h6 g6 7. Nh3 O-O 8. Bg5 Nc6
9. e3 e5 10. Be2 a6 11. dxe5 dxe5 12. Qxd8 Nxd8 13. Bxf6 Bxf6 14. Nd5 c6 15.
Nxf6+ Rxf6 16. O-O-O Nf7 17. f4 Be6 18. Rd2 Re8 19. Ng5 Nxg5 20. fxg5 Rff8 21.
Rhd1 Kf7 22. Kc2 Ke7 23. Kc3 f4 24. e4 Rd8 25. Kb4 Rxd2 26. Rxd2 b6 27. c5 a5+
28. Ka4 bxc5 29. Kxa5 Rb8 30. b3 Rb4 31. Bf3 Rb5+ 32. Ka4 Rb8 33. Ka3 c4 34.
bxc4 Bxc4 35. Rc2 Bb5 36. Rd2 Bc4 37. Rc2 Bb5 38. Rd2 1/2-1/2

[Event "BL 1415 Werder Bremen - Schwäbisch Hal"]
[Site "?"]
[Date "2015.02.22"]
[Round "11.8"]
[White "Fish, Gennadij"]
[Black "Raykhman, Alexander"]
[Result "1-0"]
[WhiteElo "2460"]
[BlackElo "2417"]
[PlyCount "95"]
[EventDate "2015.??.??"]

1. d4 Nf6 2. c4 g6 3. Nc3 Bg7 4. e4 d6 5. Be2 O-O 6. Nf3 e5 7. O-O Nc6 8. Be3
Ng4 9. Bg5 f6 10. Bc1 f5 11. d5 Nd4 12. Nxd4 exd4 13. Nb5 a6 14. Nxd4 fxe4 15.
Bxg4 Bxg4 16. Qxg4 Bxd4 17. Bh6 Re8 18. Rae1 Bxb2 19. Rxe4 Rxe4 20. Qxe4 Qf6
21. Re1 Bd4 22. Re2 Be5 23. f4 Bc3 24. Kh1 Qf7 25. g4 Bg7 26. Bxg7 Kxg7 27. Kg2
Rf8 28. Qe7 Kg8 29. Qxf7+ Kxf7 30. a4 c6 31. Rb2 cxd5 32. cxd5 b5 33. axb5 Rb8
34. b6 a5 35. Kf3 a4 36. Ra2 Rxb6 37. Rxa4 Rb5 38. Ke4 Rb2 39. Ra7+ Kg8 40. Rd7
Rb4+ 41. Kf3 Rb3+ 42. Kg2 Rb6 43. g5 Ra6 44. Kg3 Rb6 45. Kg4 Ra6 46. h4 Rb6 47.
h5 Ra6 48. h6 1-0

[Event "BL 1415 Turm Emsdetten - Bayern Münche"]
[Site "?"]
[Date "2015.02.22"]
[Round "11.1"]
[White "Bezold, Michael"]
[Black "Swiercz, Dariusz"]
[Result "0-1"]
[WhiteElo "2517"]
[BlackElo "2617"]
[PlyCount "82"]
[EventDate "2015.??.??"]

1. c4 Nf6 2. Nf3 g6 3. Nc3 d5 4. cxd5 Nxd5 5. e4 Nxc3 6. dxc3 Qxd1+ 7. Kxd1 f6
8. Be3 e5 9. Nd2 Nd7 10. Nb3 Bd6 11. Kc2 b6 12. f3 Bb7 13. Bc4 f5 14. exf5 gxf5
15. Rhe1 O-O-O 16. Rad1 Rde8 17. Nd2 Rhf8 18. Bb5 a6 19. Bxd7+ Kxd7 20. Nc4 b5
21. Nxd6 cxd6 22. Rd2 Re6 23. Red1 f4 24. Bc5 Rff6 25. Kb3 Kc7 26. Bb4 Rh6 27.
h3 Rhg6 28. c4 bxc4+ 29. Kxc4 d5+ 30. Kb3 Bc6 31. Re2 Re8 32. Rde1 Rge6 33. Bd2
Kd7 34. a4 d4 35. Rc1 Bd5+ 36. Ka3 Rb6 37. b4 Rc6 38. b5 axb5 39. axb5 Rc4 40.
Rce1 Ra8+ 41. Kb2 d3 0-1

[Event "BL 1415 Turm Emsdetten - Bayern Münche"]
[Site "?"]
[Date "2015.02.22"]
[Round "11.2"]
[White "Grandelius, Nils"]
[Black "Bischoff, Klaus"]
[Result "1/2-1/2"]
[WhiteElo "2609"]
[BlackElo "2495"]
[PlyCount "67"]
[EventDate "2015.??.??"]

1. d4 Nf6 2. c4 e6 3. Nc3 d5 4. Nf3 Be7 5. Bf4 O-O 6. a3 Nbd7 7. Nb5 Ne8 8. e3
a6 9. Nc3 dxc4 10. Bxc4 Nef6 11. e4 b5 12. Bd3 c5 13. e5 Nd5 14. Nxd5 exd5 15.
h4 Qb6 16. Bb1 Re8 17. O-O c4 18. h5 Nf8 19. Nh2 f6 20. Be3 Be6 21. f4 Bf7 22.
Qf3 Kh8 23. Bc2 fxe5 24. fxe5 Bg8 25. h6 gxh6 26. Ng4 Bg5 27. Rad1 Ng6 28. Kh1
Rf8 29. Qg3 Rxf1+ 30. Rxf1 Rf8 31. Rxf8 Nxf8 32. Nf6 Bxf6 33. exf6 Qxf6 34. Bf4
1/2-1/2

[Event "BL 1415 Turm Emsdetten - Bayern Münche"]
[Site "?"]
[Date "2015.02.22"]
[Round "11.3"]
[White "Schenk, Andreas"]
[Black "Pruijssers, Roeland"]
[Result "0-1"]
[WhiteElo "2493"]
[BlackElo "2506"]
[PlyCount "64"]
[EventDate "2015.??.??"]

1. d4 f5 2. Nc3 Nf6 3. Bg5 d5 4. f3 e6 5. e4 Be7 6. Qd2 O-O 7. O-O-O h6 8. Be3
fxe4 9. fxe4 Bb4 10. Bd3 dxe4 11. Bc4 Nc6 12. a3 Bxc3 13. Qxc3 Ne7 14. Nh3 Ned5
15. Qe1 Ng4 16. Bg1 e3 17. Qg3 h5 18. Bd3 b5 19. Bxb5 Rb8 20. Bd3 Qf6 21. c4
Qh6 22. Be2 Ba6 23. Re1 Bxc4 24. Bxc4 e2+ 25. Nf4 Rxf4 26. Kc2 Rf1 27. Rxf1
exf1=Q 28. Bxf1 Nge3+ 29. Bxe3 Nxe3+ 30. Kb1 Qh7+ 31. Ka1 Qc2 32. b4 Nd1 0-1

[Event "BL 1415 Turm Emsdetten - Bayern Münche"]
[Site "?"]
[Date "2015.02.22"]
[Round "11.4"]
[White "Burg, Twan"]
[Black "Fedorovsky, Michael"]
[Result "0-1"]
[WhiteElo "2508"]
[BlackElo "2443"]
[PlyCount "92"]
[EventDate "2015.??.??"]

1. e4 e5 2. Nf3 d6 3. d4 exd4 4. Nxd4 Nf6 5. Nc3 Be7 6. g3 d5 7. e5 Ng4 8. Bg2
O-O 9. O-O c5 10. Ndb5 d4 11. Nd5 Nc6 12. f4 Nh6 13. Qf3 Nf5 14. c4 Be6 15.
Nbc7 Rc8 16. Nxe6 fxe6 17. Nxe7+ Qxe7 18. Bd2 g6 19. a3 a5 20. Qd3 b6 21. Rae1
h5 22. Be4 Kg7 23. Re2 Qd7 24. Be1 Rh8 25. h3 Qc7 26. Bf2 Rcf8 27. Bg2 Nfe7 28.
Qe4 a4 29. Qc2 h4 30. Qxa4 hxg3 31. Bxg3 Nf5 32. Bf2 Nce7 33. b4 Nh4 34. Bxh4
Rxh4 35. bxc5 Qxc5 36. Qb4 Rhxf4 37. Rxf4 Rxf4 38. Rf2 Rh4 39. Rd2 Nf5 40. Qxc5
bxc5 41. Bf1 Re4 42. Kf2 Rf4+ 43. Ke1 Rf3 44. Ra2 Ne3 45. Be2 Rxh3 46. a4 Ng2+
0-1

[Event "BL 1415 Turm Emsdetten - Bayern Münche"]
[Site "?"]
[Date "2015.02.22"]
[Round "11.5"]
[White "Jorczik, Julian"]
[Black "Hector, Jonny"]
[Result "0-1"]
[WhiteElo "2390"]
[BlackElo "2482"]
[PlyCount "60"]
[EventDate "2015.??.??"]

1. d4 d5 2. c4 c6 3. Nf3 Nf6 4. Nc3 dxc4 5. a4 Bf5 6. Ne5 Nbd7 7. Nxc4 Qc7 8.
g3 e5 9. dxe5 Nxe5 10. Bf4 Nfd7 11. Bg2 Be7 12. Qd4 f6 13. O-O Rd8 14. Qxa7 Bc5
15. Qa5 b6 16. Qa6 Nb8 17. Qa8 O-O 18. Nxe5 fxe5 19. Bg5 Rd7 20. Rad1 Rxd1 21.
Nxd1 Bc8 22. Nc3 Bb7 23. Qa7 Na6 24. Rd1 b5 25. Bd8 Bxa7 26. Bxc7 Bxf2+ 27. Kh1
Nxc7 28. Rd7 Bb6 29. axb5 Bc8 30. Rd6 Bc5 0-1

[Event "BL 1415 Turm Emsdetten - Bayern Münche"]
[Site "?"]
[Date "2015.02.22"]
[Round "11.6"]
[White "Janssen, Ruud"]
[Black "Richter, Wolfgang"]
[Result "1-0"]
[WhiteElo "2468"]
[BlackElo "2401"]
[PlyCount "119"]
[EventDate "2015.??.??"]

1. c4 e5 2. g3 c6 3. d4 exd4 4. Qxd4 d5 5. Nf3 dxc4 6. Qxd8+ Kxd8 7. Bf4 Be6 8.
Nc3 Nd7 9. Nd4 Ngf6 10. e4 Bb4 11. f3 Nb6 12. O-O-O Ke7 13. Be3 Rhd8 14. Be2 h6
15. g4 Bd6 16. h4 Be5 17. f4 Nxg4 18. Nxe6 Rxd1+ 19. Nxd1 Nxe3 20. Nxe3 Kxe6
21. fxe5 Kxe5 22. Rg1 g6 23. Nxc4+ Kxe4 24. Nd6+ Ke3 25. Bd1 Rf8 26. Rg3+ Kd4
27. Nxb7 Nd7 28. Rg4+ Ke3 29. Nd6 f5 30. Nc4+ Kd3 31. Bc2+ Ke2 32. Rxg6 f4 33.
Rxh6 f3 34. Re6+ Kf2 35. Rxc6 Kg3 36. Bd3 f2 37. Bf1 Nf6 38. Nd2 Kxh4 39. b4
Nd5 40. b5 Re8 41. Rc4+ Kg3 42. Re4 Rxe4 43. Nxe4+ Kf3 44. Nd2+ Ke3 45. Kc2 Kd4
46. Kb3 Ke3 47. Nc4+ Kd4 48. a4 Nf6 49. a5 Nd7 50. Kb4 Nc5 51. Nd2 Nd7 52. Nb3+
Kd5 53. Bg2+ Kd6 54. Nd2 Nf6 55. b6 axb6 56. a6 Ne8 57. a7 Nc7 58. Nc4+ Ke6 59.
Nxb6 Kd6 60. Nc4+ 1-0

[Event "BL 1415 Turm Emsdetten - Bayern Münche"]
[Site "?"]
[Date "2015.02.22"]
[Round "11.7"]
[White "Meister, Peter"]
[Black "Fiebig, Thomas"]
[Result "1/2-1/2"]
[WhiteElo "2390"]
[BlackElo "2420"]
[PlyCount "56"]
[EventDate "2015.??.??"]

1. d4 d5 2. c4 e6 3. Nc3 c5 4. cxd5 exd5 5. Nf3 Nc6 6. Bf4 Nf6 7. e3 c4 8. Be2
Bb4 9. O-O Bxc3 10. bxc3 Ne4 11. Qc2 Bf5 12. Qb2 Qe7 13. Nd2 Nxd2 14. Qxd2 O-O
15. Rfe1 b5 16. f3 Rfe8 17. Bf1 Rad8 18. Qb2 b4 19. a3 a5 20. axb4 axb4 21. Ra4
bxc3 22. Qxc3 Qd7 23. Raa1 h6 24. Bg3 Qb7 25. Rac1 Nb4 26. Qb2 Qe7 27. e4 dxe4
28. Bxc4 Qf8 1/2-1/2